Missing Word: London Underground Quiz Stats

 Plays Quiz Updated Apr 15, 2018

Challenge
Share
Tweet
Embed
Score 0/16 Timer 03:00
2 Plays Today
Hint Answer % Correct
Baker _____Street
97.8%
Piccadilly _____Circus
96.4%
King's _____ St. PancrasCross
90.9%
Regent's _____Park
90.8%
Covent _____Garden
90.4%
Earl's _____Court
87.4%
Tottenham Court _____Road
84.2%
Marble _____Arch
82%
Hint Answer % Correct
Shepherd's _____Bush
80.1%
Chancery _____Lane
79.4%
Hyde Park _____Corner
78.6%
Elephant & _____Castle
77.4%
Mornington _____Crescent
67%
Lancaster _____Gate
66.2%
Arnos _____Grove
65.2%
St. John's _____Wood
65.2%

Today's Daily Dose

You're not logged in!

Compare scores with friends on all Sporcle quizzes.
OR
Log In

You Might Also Like...

Show Comments

Extras

Top Quizzes Today


Score Distribution

Your Account Isn't Verified!

In order to create a playlist on Sporcle, you need to verify the email address you used during registration. Go to your Sporcle Settings to finish the process.

Report this User

Report this user for behavior that violates our Community Guidelines.

Details: